| 000 | 01010cam a2200229 4500 | ||
|---|---|---|---|
| 001 | WB3933-03 | ||
| 008 | 030903n2003 000 0 eng u | ||
| 035 | _a(Sirsi) u123486 | ||
| 245 | _aGloom until 2005 | ||
| 260 | _c2003 | ||
| 490 |
_aEstates Gazette _v(0335) 30 August 2003, 21(1) |
||
| 520 | _aInvestment Property Forum's (IPF) latest survey of independent forecasts shows expectations for 2004 are for further falls in rents and capital values. The majority of respondents expect total returns to remain at 7% in 2004, before increasing to 8.2% in 2005. While rents are forecast to fall 2% this year and by 0.5% in 2004, but grow by 1.4% in 2005. IPF website, http://www.ipf.org.uk. | ||
| 590 | _aWB | ||
| 650 | _aABOUT RICS-RELATED ORGANISATIONS-INVESTMENT PROPERTY FORUM | ||
| 650 | _aFORECASTING | ||
| 650 | _aRENTAL VALUES | ||
| 650 | _aTOTAL RETURNS | ||
| 650 | _aCAPITAL VALUES | ||
| 650 | _aYIELDS | ||
| 690 | _aPROPERTY-COMMERCIAL PROPERTY-COMMERCIAL PROPERTY MARKET | ||
| 942 | _n0 | ||
| 999 |
_c73345 _d73345 |
||